Niekto to rád horúce

Rozvíjajúce sa ekonomiky, ktoré najviac riskujú hospodárske prehriatie. Index prehrievania rozvíjajúcich sa trhov.

Gespeichert in:
Bibliographische Detailangaben
Format: Buchkapitel
Sprache:Slowakisch
Schlagworte:
Tags: Tag hinzufügen
Keine Tags, Fügen Sie das erste Tag hinzu!

MARC

LEADER 00000naa a2200000 4500
001 0135268
005 20231113072950.5
041 0 |a slo 
044 |a SK 
245 1 0 |a Niekto to rád horúce 
520 |a Rozvíjajúce sa ekonomiky, ktoré najviac riskujú hospodárske prehriatie. Index prehrievania rozvíjajúcich sa trhov. 
610 2 0 |a Argentína 
610 2 0 |a Brazília 
610 2 0 |a India 
610 2 0 |a Indonézia 
610 2 0 |a Turecko 
610 2 0 |a Vietnam 
610 2 0 |a situácia hospodárska